00571nam a2200181Ia 4500008004100000020001500041040001800056041000800074100002900082245008200111250001100193260005800204300001800262504003800280650002900318650001300347650002900360130821s1997 ck gr spa  a9589567711 aCo-BoUCMbspa00aspa aVarela Villegas, Rodrigo00aEvaluación económica de proyectos de inversióncRodrigo Varela Villegas a6a. ed aBogotá (Cundinamarca, Colombia)bIberoamericac1997 a604 páginas aIncluye bibliografía e índice04aEvaluación económica04aFinanzas04aProyectos de inversión